Normal view MARC view
  • Nehru. J

Entry Personal Name

Number of records used in: 1

001 - CONTROL NUMBER

  • control field: 3668

003 - CONTROL NUMBER IDENTIFIER

  • control field: OSt

005 - DATE AND TIME OF LATEST TRANSACTION

  • control field: 20170624121106.0

008 - FIXED-LENGTH DATA ELEMENTS

  • fixed length control field: 170624|| aca||aabn | a|a d

040 ## - CATALOGING SOURCE

  • Original cataloging agency: OSt

100 ## - HEADING--PERSONAL NAME

  • Personal name: Nehru. J

Powered by Koha